000 00256nam a2200145Ia 4500
100 _aNone
942 _cBK
654 _atool
245 _aTool definition
260 _bnone
082 _a621.91
300 _a55
546 _aENGLISH
999 _c19782
_d19782